Povinnosti členov orgánov obchodnej spoločnosti a súkromnoprávne následky ich porušenia

Systematický prehľad povinností členov orgánov kapitálových obchodných spoločností a súkromnoprávnych následkov ich porušenia, najmä s ohľadom na rozhodovaciu činnosť slovenských súdov.

Gespeichert in:
Bibliographische Detailangaben
1. Verfasser: Csach, Kristián
Format: Buchkapitel
Sprache:Slowakisch
Schlagworte:
Tags: Tag hinzufügen
Keine Tags, Fügen Sie das erste Tag hinzu!

MARC

LEADER 00000naa a2200000 4500
001 0259746
005 20191119132734.1
041 0 |a slo 
044 |a SK 
245 1 0 |a Povinnosti členov orgánov obchodnej spoločnosti a súkromnoprávne následky ich porušenia  |c Kristián Csach 
520 |a Systematický prehľad povinností členov orgánov kapitálových obchodných spoločností a súkromnoprávnych následkov ich porušenia, najmä s ohľadom na rozhodovaciu činnosť slovenských súdov. 
610 2 0 |a legislatíva 
610 2 0 |a spoločnosti obchodné 
610 2 0 |a zmluvy 
610 2 0 |a zodpovednosť za škody 
610 2 0 |a náhrada škody 
100 1 |a Csach, Kristián